Variabilita leteckých spojení Bratislavy
Zhodnotenie stability a aktuálnosti letov letiska M. R. Štefánika v Bratislave z priestorového a časového hľadiska. Letecká infraštruktúra bola analyzovaná za obdobie rokov 2003-2009.
Salvato in:
| Autore principale: | |
|---|---|
| Altri autori: | , |
| Natura: | Capitolo di libro |
| Lingua: | slovacco |
| Soggetti: | |
| Tags: |
Nessun Tag, puoi essere il primo ad aggiungerne!!
|
MARC
| LEADER | 00000naa$a2200000$$$4500 | ||
|---|---|---|---|
| 001 | 0116668 | ||
| 005 | 20230825083204.6 | ||
| 041 | 0 | |a slo | |
| 044 | |a SK | ||
| 245 | 1 | 0 | |a Variabilita leteckých spojení Bratislavy |c Jana Grenčíková, František Križan, Ladislav Tolmáči |
| 520 | |a Zhodnotenie stability a aktuálnosti letov letiska M. R. Štefánika v Bratislave z priestorového a časového hľadiska. Letecká infraštruktúra bola analyzovaná za obdobie rokov 2003-2009. | ||
| 610 | 2 | 0 | |a doprava letecká |
| 610 | 2 | 0 | |a Slovensko |
| 100 | 1 | |a Grenčíková, Jana | |
| 700 | 1 | |a Križan, František | |
| 700 | 1 | |a Tolmáči, Ladislav | |